Rozwój rzeźby antropogenicznej powstałej pod wpływem górnictwa węglowego w Wałbrzychu i okolicy w latach 1975-1996 w świetle gospodarki odpadami górniczymi

Titel: Rozwój rzeźby antropogenicznej powstałej pod wpływem górnictwa węglowego w Wałbrzychu i okolicy w latach 1975-1996 w świetle gospodarki odpadami górniczymi
Verfasser:
In: Przegla̜d geograficzny, Band 78, Heft 1 (2006), Seite 109-126, fot. 1, ryc. 5, tab. 3
alle Artikel anzeigen
Veröffentlicht: 2006
Format: Aufsatz
Sprache: Polnisch
Kein Bild verfügbar
X
alg: 39457012
001A    $01999:12-11-16 
001B    $01999:30-04-21 $t17:14:08.000 
001C    $06050:19-11-16 $t08:53:25.000 
001D    $01999:12-11-16 
001U    $0utf8 
001X    $00 
002@    $0Aox 
003@    $039457012X 
007A    $039457012X $aHEB 
007T    $0Herdww035092 
010@    $apol 
011@    $a2006 
021A    $aRozwój rzeźby antropogenicznej powstałej pod wpływem górnictwa węglowego w Wałbrzychu i okolicy w latach 1975-1996 w świetle gospodarki odpadami górniczymi 
028A    $aWójcik $dJan 
031A    $d78 $e1 $h109-126, fot. 1, ryc. 5, tab. 3 $j2006 
037A    $aengl. Res. 126: The Development of the Wałbrzych Basin on the Ground of the Management of Waste Materials from Coal Mining in 1975-1996 
039B    $aIn $8--Abvc--. Przegla̜d geograficzny. - Warszawa : Państwowe Wydawn. Naukowe, 1918-. - ISSN 0033-2143 $x200600000780001891 $9047308648 
045F    $a330.094385 $eDDC23BSB 
045F/01 $a330.09 
045F/03 $g4385 
045T    $a14 

lok: 39457012 78

exp: 39457012 78 1 #EPN
201B/01 $018-11-16 $t12:01:26.000 
201U/01 $0utf8 
203@/01 $0790680556 
208@/01 $a12-11-16 $be 
209A/01 $a/ $f000 $x00 
220C/01 $aHerkunft: IH UWr 
244Z/01 $2Trx $#Silesia $#Śląsk $#Sliezsko $#Slezsko $8--Trx--Schlesien $x01 $9391173987 
244Z/01 $2Trx $#Waldenburg Land $#Waldenburger Land $#Ziemia Wałbrzyska $8--Trx--Wałbrzych$gziemia $x02 $9391217771 
244Z/01 $aGeschichte 1975-1996 $x03 
244Z/01 $2Trx $#kaevandus kivisüsi $#kalnakasyba akmens anglis $#mining hard coal $#bányászat köszén $#górnictwo węgla kamiennego $#ťažba čierneho uhlia $#těžba kamenného uhlí $#Steinkohle $#Kohle $#coal $#węgiel kamienny $#čierne uhlie $#kamenné uhlí $8--Trx--Bergbau$gSteinkohle $x04 $9391379291 
244Z/01 $2Trx $#geograafia $#geografija $#Geography $#földrajz $#geografia $#geografia $#geografie $8--Trx--Geographie $x05 $9391353772 
244Z/01 $2Trx $#keskkond, looduslik $#natūrali aplinka $#Environment, natural $#környezet, természetes $#środowisko naturalne $#prírodné prostredie $#prostředí přírodní $#Landschaft $#krajobraz $#krajina $#krajina $8--Trx--Umwelt, natürliche $x06 $9391354744 
244Z/01 $2Trx $#rasketööstus $#sunkioji pramonė $#heavy industry $#nehézipar $#przemysł ciężki $#priemysel ťažký $#průmysl těžký $#przemysł metalurgiczny $8--Trx--Schwerindustrie $x07 $9391380613 
244Z/01 $2Trx $8--Trx--Zeitschriftenaufsatz $x08 $9391384341 
245Z/01 $a13.03 $x01 
245Z/01 $a09.04 $x02 
247C/01 $82080>Marburg/Lahn, Herder-Institut, Forschungsbibliothek, Bibliographieportal $9336309341
LEADER 00000caa a22000002c 4500
001 39457012X
003 DE-603
005 20210430171408.0
007 tu
008 161112s2006 xx |||| | u00||u|pol c
035 |a (DE-599)HEB39457012X 
040 |a DE-603  |b ger  |c DE-603  |d DE-603 
041 |a pol 
082 0 4 |8 1\u  |a 330.094385  |q DE-101  |2 23/BSB 
084 |a 14  |2 ssgn 
085 |8 1\u  |b 330.09 
085 |8 1\u  |z 2  |s 4385 
100 1 |a Wójcik, Jan 
245 0 0 |a Rozwój rzeźby antropogenicznej powstałej pod wpływem górnictwa węglowego w Wałbrzychu i okolicy w latach 1975-1996 w świetle gospodarki odpadami górniczymi 
264 0 |c 2006 
500 |a engl. Res. 126: The Development of the Wałbrzych Basin on the Ground of the Management of Waste Materials from Coal Mining in 1975-1996 
773 0 8 |i In  |t Przegla̜d geograficzny  |d Warszawa : Państwowe Wydawn. Naukowe, 1918-  |x 0033-2143  |g Band 78, Heft 1 (2006), Seite 109-126, fot. 1, ryc. 5, tab. 3  |w (DE-603)047308648  |w (DE-600)209415-0 
924 0 |9 2080  |a (DE-603)790680556  |b DE-2080  |c HES  |d d  |g /